<?xml version='1.0' encoding='UTF-8'?>
  <record xmlns="http://www.loc.gov/MARC21/slim">
    <leader>00000cam a2200000 i 4500</leader>
    <controlfield tag="001">ocm65602950</controlfield>
    <controlfield tag="003">OCoLC</controlfield>
    <controlfield tag="005">20260424201549.7</controlfield>
    <controlfield tag="008">901119s1740    ne af         001 0 dut d</controlfield>
    <datafield tag="040" ind1=" " ind2=" ">
      <subfield code="a">NLGGC</subfield>
      <subfield code="b">dut</subfield>
      <subfield code="e">rda</subfield>
      <subfield code="e">fobidrtb</subfield>
      <subfield code="e">dcrmb</subfield>
      <subfield code="c">NLGGC</subfield>
      <subfield code="d">QGE</subfield>
      <subfield code="d">OCLCA</subfield>
      <subfield code="d">L2U</subfield>
      <subfield code="d">OCLCA</subfield>
      <subfield code="d">QGE</subfield>
      <subfield code="d">OCLCO</subfield>
      <subfield code="d">OCLCQ</subfield>
      <subfield code="d">OCLCO</subfield>
      <subfield code="d">OCLCL</subfield>
      <subfield code="d">NLRIJ</subfield>
    </datafield>
    <datafield tag="066" ind1=" " ind2=" ">
      <subfield code="c">(S</subfield>
    </datafield>
    <datafield tag="026" ind1=" " ind2=" ">
      <subfield code="e">1#174004 - a1 *3 zic : a2 7*3 t$bly$schyn - b1 A e : *b2 3M3 ilders$sch</subfield>
      <subfield code="2">stcnf</subfield>
    </datafield>
    <datafield tag="026" ind1=" " ind2=" ">
      <subfield code="e">2#174004 - b1 a2 $'t : b2 3h2 orzaa</subfield>
      <subfield code="2">stcnf</subfield>
    </datafield>
    <datafield tag="029" ind1="0" ind2=" ">
      <subfield code="a">NLGGC</subfield>
      <subfield code="b">067398650</subfield>
    </datafield>
    <datafield tag="035" ind1=" " ind2=" ">
      <subfield code="a">(OCoLC)65602950</subfield>
    </datafield>
    <datafield tag="084" ind1=" " ind2=" ">
      <subfield code="a">21.00</subfield>
      <subfield code="2">bcl</subfield>
    </datafield>
    <datafield tag="100" ind1="1" ind2=" ">
      <subfield code="a">Lairesse, Gérard de,</subfield>
      <subfield code="d">1640/41-1711.</subfield>
      <subfield code="1">https://id.oclc.org/worldcat/entity/E39PBJxmC8XvpPtRCBFG8YR7pP</subfield>
    </datafield>
    <datafield tag="245" ind1="1" ind2="0">
      <subfield code="a">Groot schilderboek, waar in de schilderkonst in al haar deelen grondig werd onderweezen, ook door redeneeringen en prentverbeeldingen verklaard; :</subfield>
      <subfield code="b">met voorbeelden uit de beste konststukken der oude en nieuwe puikschilderen bevestigd: en derzelver wel- en misstand aangeweezen. /</subfield>
      <subfield code="c">Door Gerard de Lairesse, konstschilder.</subfield>
    </datafield>
    <datafield tag="246" ind1="3" ind2=" ">
      <subfield code="a">'t Groot schilder-boek</subfield>
    </datafield>
    <datafield tag="246" ind1="1" ind2="5">
      <subfield code="a">A: Houbrakens Aantekeningen over 't leven van den heer Gerard de Lairesse, konstchilder, en schryver van dit werk</subfield>
    </datafield>
    <datafield tag="250" ind1=" " ind2=" ">
      <subfield code="a">Tweden druk, vermeerdert met des schrijvers levensbeschryving.</subfield>
    </datafield>
    <datafield tag="260" ind1=" " ind2=" ">
      <subfield code="a">Te Haarlem, :</subfield>
      <subfield code="b">by Johannes Marshoorn ...,</subfield>
      <subfield code="c">1740.</subfield>
    </datafield>
    <datafield tag="300" ind1=" " ind2=" ">
      <subfield code="a">2 delen :</subfield>
      <subfield code="b">illustraties, gegraveerd titelblad, portret. ;</subfield>
      <subfield code="c">in-4.</subfield>
    </datafield>
    <datafield tag="336" ind1=" " ind2=" ">
      <subfield code="a">tekst</subfield>
      <subfield code="b">txt</subfield>
      <subfield code="2">rdacontent/dut</subfield>
    </datafield>
    <datafield tag="337" ind1=" " ind2=" ">
      <subfield code="a">zonder medium</subfield>
      <subfield code="b">n</subfield>
      <subfield code="2">rdamedia/dut</subfield>
    </datafield>
    <datafield tag="338" ind1=" " ind2=" ">
      <subfield code="a">band</subfield>
      <subfield code="b">nc</subfield>
      <subfield code="2">rdacarrier/dut</subfield>
    </datafield>
    <datafield tag="340" ind1=" " ind2=" ">
      <subfield code="a">papier</subfield>
      <subfield code="m">in-4</subfield>
    </datafield>
    <datafield tag="500" ind1=" " ind2=" ">
      <subfield code="a">Gegraveerd titelblad: 't Groot schilder-boek.</subfield>
    </datafield>
    <datafield tag="500" ind1=" " ind2=" ">
      <subfield code="a">1e uitg.: 1707.</subfield>
    </datafield>
    <datafield tag="501" ind1=" " ind2=" ">
      <subfield code="a">Bevat ook: A: Houbrakens Aantekeningen over 't leven van den heer Gerard de Lairesse, konstchilder, en schryver van dit werk</subfield>
    </datafield>
    <datafield tag="510" ind1="4" ind2=" ">
      <subfield code="a">STCN PPN</subfield>
      <subfield code="c">154085073</subfield>
    </datafield>
    <datafield tag="530" ind1=" " ind2=" ">
      <subfield code="a">Titel is gedigitaliseerd voor de Koninklijke Bibliotheek in het kader van het Google Books-project.</subfield>
    </datafield>
    <datafield tag="520" ind1=" " ind2=" ">
      <subfield code="a">"Celebrated theoretical manual on the art of painting by the famous Dutch artist Gerard de Lairesse (1640-1711). In the present edition, a self-portrait of De Lairesse is added. Usually such a portrait is not called for since the author was several times depicted on the richly designed frontispiece. In the foreground he is shown as a blind man, his hand guided by a naked woman while a classical clad woman holds the canvas. In the background the artist is seen behind a partly opened curtain as a young man painting. On top of the frontispiece De Lairesse is shown in a medaillon surrounded by the artist's tools as painter laureate. The Groot Schilderboek is a clear, practical and beautiful illustrated work for people who want to learn everything about drawing in perspective and much more. Divided in 13 books over 2 volumes, the work treats all aspects of the art of painting. The first 5 books are devoted to the technique of the art, respectively the stroke of the brush, the composition, the classical and modern theory, chromatics, and the rules of clair obscur. Then the various genres are treated, in book 6 and 7 the painting of landscapes and portraits, while in book 8 classical architecture in connection with painting is discussed. Book 9 to 12 respectively are devoted to ceiling-painting, sculpture, still-life painting, and the flower-piece. The 13th and last book then treats the art of engraving. The second work is a beautiful edition of a practical manual teaching the art of drawing, also by De Lairesse. The book is divided into two parts, the first part teaching young children in 12 lessons the principles of drawing based on geometry, while in the second part a more advanced course is given in ten so-called 'propositions' for professional students. Gerard de Lairesse, also called the Dutch Poussin, devoted himself to teaching after he became blind in 1690. Being a classicist his theories were mainly based on Junius De Pictura Veterum and on Charles Dufresnoy's De arte graphica, but the practical side of his teaching, based on his own lifelong experience, renders his books their special interest and importance. De Lairesse's teachings strongly influenced 18th century thought on art, and especially in the Netherlands they also set the tone for the engraved book-illustration of the period."</subfield>
    </datafield>
    <datafield tag="600" ind1="1" ind2="4">
      <subfield code="a">Lairesse, Gérard de,</subfield>
      <subfield code="d">1640/41-1711.</subfield>
      <subfield code="0">(NL-LeOCL)069677743</subfield>
    </datafield>
    <datafield tag="650" ind1=" " ind2="7">
      <subfield code="a">21.00 painting: general.</subfield>
      <subfield code="0">(NL-LeOCL)077595033</subfield>
      <subfield code="2">bcl</subfield>
    </datafield>
    <datafield tag="650" ind1="1" ind2="7">
      <subfield code="a">Schilderkunst.</subfield>
      <subfield code="2">gtt</subfield>
      <subfield code="0">(NL-LeOCL)078659027</subfield>
    </datafield>
    <datafield tag="600" ind1="1" ind2="7">
      <subfield code="a">Lairesse, Gérard de,</subfield>
      <subfield code="d">1640/41-1711.</subfield>
      <subfield code="0">(NL-LeOCL)069677743</subfield>
      <subfield code="2">nta</subfield>
    </datafield>
    <datafield tag="655" ind1=" " ind2="7">
      <subfield code="a">Handboeken (vorm)</subfield>
      <subfield code="2">gtt</subfield>
      <subfield code="0">(NL-LeOCL)088143252</subfield>
    </datafield>
    <datafield tag="700" ind1="1" ind2=" ">
      <subfield code="a">Houbraken, Arnold,</subfield>
      <subfield code="d">1660-1719.</subfield>
      <subfield code="1">https://id.oclc.org/worldcat/entity/E39PBJht3QQBxqDkvV3GyTQjG3</subfield>
    </datafield>
    <datafield tag="700" ind1="1" ind2=" ">
      <subfield code="a">Valkenburg, Mattheus Willem van,</subfield>
      <subfield code="d">1718-1784</subfield>
      <subfield code="g">lid Vroedschap van Haarlem.</subfield>
      <subfield code="4">dte</subfield>
    </datafield>
    <datafield tag="710" ind1="1" ind2=" ">
      <subfield code="a">Marshoorn, Johannes (Haarlem)</subfield>
      <subfield code="4">prt</subfield>
      <subfield code="0">(NL-LeOCL)077134206</subfield>
    </datafield>
    <datafield tag="752" ind1=" " ind2=" ">
      <subfield code="a">Nederland</subfield>
      <subfield code="d">Haarlem</subfield>
      <subfield code="e">plaats van uitgave</subfield>
      <subfield code="4">pup</subfield>
    </datafield>
    <datafield tag="776" ind1="0" ind2=" ">
      <subfield code="t">Groot schilderboek, waar in de schilderkonst in al haar deelen grondig werd onderweezen, ook door redeneeringen en prentverbeeldingen verklaard;</subfield>
      <subfield code="w">(NL-LeOCL)398600635</subfield>
    </datafield>
    <datafield tag="880" ind1=" " ind2=" ">
      <subfield code="6">500-00/(S</subfield>
      <subfield code="a">1#*⁴ (*1+π1) 2*-7*⁴ A-3M⁴ 3N² 2#a-3g⁴ 3h².</subfield>
    </datafield>
  </record>